书目信息 |
| 题名: |
爆趣大语文
|
|
| 作者: | 胡彬彬 主编 | |
| 分册: | 上 高阶 | |
| 出版信息: | 广州 新世纪出版社 2018 |
|
| 页数: | 241页 | |
| 开本: | 26cm | |
| 丛书名: | ||
| 单 册: | ||
| 中图分类: | G624.203 , G624.2 | |
| 科图分类: | ||
| 主题词: | 小学语文课--教材 | |
| 电子资源: | ||
| ISBN: | 978-7-5583-1318-9 | |
| 000 | 00641nam0 2200229 450 | |
| 001 | 2363119029 | |
| 005 | 20231217173319.91 | |
| 010 | @a978-7-5583-1318-9@dCNY 68.00 | |
| 100 | @a20181127d2018 cemy0chiy0120 ea | |
| 101 | 0 | @achi |
| 102 | @aCN@b440000 | |
| 105 | @aa z 000yy | |
| 200 | 1 | @a爆趣大语文@Abao qu da yu wen@h上@i高阶@b专著@f胡彬彬主编 |
| 210 | @a广州@c新世纪出版社@d2018 | |
| 215 | @a241页@c彩照,彩图@d26cm | |
| 517 | 1 | @a高阶@AGao Jie |
| 606 | 0 | @a小学语文课@j教材 |
| 690 | @aG624.203@v5 | |
| 690 | @aG624.2@v4 | |
| 701 | 0 | @a胡彬彬@Ahu bin bin@4主编 |
| 801 | 2 | @aCN@b辽宁北配@c20231205 |
| 905 | @aBZT@dG624.2@e24:3:1 | |
| 爆趣大语文.上.高阶/胡彬彬主编.-广州:新世纪出版社,2018 |
| 241页:彩照,彩图;26cm |
| ISBN 978-7-5583-1318-9:CNY 68.00 |
| ● |
| 相关链接 |
|
|
|
正题名:爆趣大语文
索取号:G624.2/24:3:1
 
预约/预借
| 序号 | 登录号 | 条形码 | 馆藏地/架位号 | 状态 | 备注 |
| 1 | 2001631803 | 2001631803 | 辽三/辽宁北配(第三批)/2770/ [索取号:G624.2/24:3:1] | 在馆 | |
| 2 | 2001631804 | 2001631804 | 辽三/辽宁北配(第三批)/2770/ [索取号:G624.2/24:3:1] | 在馆 | |
| 3 | 2001631805 | 2001631805 | 辽三/辽宁北配(第三批)/2770/ [索取号:G624.2/24:3:1] | 在馆 | |
| 4 | 2001631806 | 2001631806 | 辽三/辽宁北配(第三批)/2770/ [索取号:G624.2/24:3:1] | 在馆 | |
| 5 | 2001631807 | 2001631807 | 辽三/辽宁北配(第三批)/2770/ [索取号:G624.2/24:3:1] | 在馆 | |
| 6 | 2001631808 | 2001631808 | 辽三/辽宁北配(第三批)/2770/ [索取号:G624.2/24:3:1] | 在馆 | |
| 7 | 2001631809 | 2001631809 | 辽三/辽宁北配(第三批)/2770/ [索取号:G624.2/24:3:1] | 在馆 | |
| 8 | 2001631810 | 2001631810 | 辽三/辽宁北配(第三批)/2770/ [索取号:G624.2/24:3:1] | 在馆 | |
| 9 | 2001631811 | 2001631811 | 辽三/辽宁北配(第三批)/2770/ [索取号:G624.2/24:3:1] | 在馆 | |
| 10 | 2001631812 | 2001631812 | 辽三/辽宁北配(第三批)/2770/ [索取号:G624.2/24:3:1] | 在馆 | |
| 11 | 2001631813 | 2001631813 | 辽三/辽宁北配(第三批)/2770/ [索取号:G624.2/24:3:1] | 在馆 | |
| 12 | 2001631814 | 2001631814 | 辽三/辽宁北配(第三批)/2770/ [索取号:G624.2/24:3:1] | 在馆 | |
| 13 | 2001631815 | 2001631815 | 辽三/辽宁北配(第三批)/2770/ [索取号:G624.2/24:3:1] | 在馆 | |
| 14 | 2001631816 | 2001631816 | 辽三/辽宁北配(第三批)/2770/ [索取号:G624.2/24:3:1] | 在馆 | |
| 15 | 2001631817 | 2001631817 | 辽三/辽宁北配(第三批)/2770/ [索取号:G624.2/24:3:1] | 在馆 | |
| 16 | 2001631818 | 2001631818 | 辽三/辽宁北配(第三批)/2770/ [索取号:G624.2/24:3:1] | 在馆 | |
| 17 | 2001631819 | 2001631819 | 辽三/辽宁北配(第三批)/2770/ [索取号:G624.2/24:3:1] | 在馆 | |
| 18 | 2001631820 | 2001631820 | 辽三/辽宁北配(第三批)/2770/ [索取号:G624.2/24:3:1] | 在馆 | |
| 19 | 2001631821 | 2001631821 | 辽三/辽宁北配(第三批)/2770/ [索取号:G624.2/24:3:1] | 在馆 | |
| 20 | 2001631822 | 2001631822 | 辽三/辽宁北配(第三批)/2770/ [索取号:G624.2/24:3:1] | 在馆 | |
| 21 | 2001631823 | 2001631823 | 辽三/辽宁北配(第三批)/2770/ [索取号:G624.2/24:3:1] | 在馆 | |
| 22 | 2001631824 | 2001631824 | 辽三/辽宁北配(第三批)/2770/ [索取号:G624.2/24:3:1] | 在馆 | |
| 23 | 2001631825 | 2001631825 | 辽三/辽宁北配(第三批)/2770/ [索取号:G624.2/24:3:1] | 在馆 | |
| 24 | 2001631826 | 2001631826 | 辽三/辽宁北配(第三批)/2770/ [索取号:G624.2/24:3:1] | 在馆 | |
| 25 | 2001631827 | 2001631827 | 辽三/辽宁北配(第三批)/2770/ [索取号:G624.2/24:3:1] | 在馆 | |
| 26 | 2001631828 | 2001631828 | 辽三/辽宁北配(第三批)/2770/ [索取号:G624.2/24:3:1] | 在馆 | |
| 27 | 2001631829 | 2001631829 | 辽三/辽宁北配(第三批)/2770/ [索取号:G624.2/24:3:1] | 在馆 | |
| 28 | 2001631830 | 2001631830 | 辽三/辽宁北配(第三批)/2770/ [索取号:G624.2/24:3:1] | 在馆 | |
| 29 | 2001631831 | 2001631831 | 辽三/辽宁北配(第三批)/2770/ [索取号:G624.2/24:3:1] | 在馆 | |
| 30 | 2001631832 | 2001631832 | 辽三/辽宁北配(第三批)/2770/ [索取号:G624.2/24:3:1] | 在馆 |